000 00952nam0a22002291i 4500
001 rc\994863
005 20240726094650.0
035 _a(NLR Aleph) 006161764
090 _a5870583
_c5870583
100 _a20041129d1981 u |0rusy50 ca
101 0 _arus
102 _aRU
105 _ay |||||||||
200 1 _aФоностилистические особенности ораторской речи
_e(Эксперим.-фонет. исслед. на материале амер. варианта англ. яз.)
_eАвтореф. дис. на соиск. учен. степ. канд. филол. наук
_e(10.02.04)
210 _aМ.
_d1981
215 _a23 с.
300 _aВ надзаг.: Моск. гос. пед. ин-т иностр. яз. им. Мориса Тореза
700 1 _aКрюкова
_bО.П.
_gОльга Павловна
801 0 _aRU
_bNLR
_gpsbo
801 1 _aRU
_bELAR
_2rusmarc
852 _aNLR
_j82-4/24338
942 _cBOOK